| 000 | 00876cab a2200265 4500 | ||
|---|---|---|---|
| 001 | ABS67350 | ||
| 008 | 040108n2003 000 0 eng u | ||
| 035 | _a(Sirsi) u124758 | ||
| 100 | _aNaftalin, B. | ||
| 245 | _aDon't go down with the ship | ||
| 260 | _c2003 | ||
| 490 |
_aEstates Gazette _v(0349) 6 December 2003, 122-124(3) |
||
| 520 | _aConsiders the financial implications for landlords when their tenants go bust. In a question and answer format, the article gives answers to commonly asked questions about receivership, liquidation and administration. | ||
| 590 | _aABS | ||
| 650 |
_aInsolvency _96247 |
||
| 650 | _aLIQUIDATION | ||
| 650 | _aADMINISTRATION | ||
| 650 | _aRECEIVERSHIP | ||
| 650 | _aTENANTS INSOLVENCY | ||
| 650 | _aTENANTS | ||
| 650 | _aLANDLORDS | ||
| 690 | _aPROPERTY-LANDLORD AND TENANT | ||
| 700 | _aMcCartney, P. | ||
| 942 | _n0 | ||
| 999 |
_c74044 _d74044 |
||